200 largest US cities on a map - Statistics

General Stats
  • This quiz has been taken 8,687 times
  • The average score is 128 of 200
Answers on the Map
Answers color-coded by a green-red scale on the quiz's map according to % correct below.
 
Answer Stats
Rank Population City % Correct
18 744,955 Seattle, WA
94%
28 644,644 Las Vegas, NV
93%
2 3,990,456 Los Angeles, CA
93%
3 2,705,994 Chicago, IL
92%
9 1,345,047 Dallas, TX
92%
40 470,914 Miami, FL
92%
21 694,583 Boston, MA
91%
23 672,662 Detroit, MI
91%
4 2,325,502 Houston, TX
91%
158 164,422 Jackson, MS
91%
5 1,660,272 Phoenix, AZ
91%
25 653,115 Portland, OR
91%
8 1,425,976 San Diego, CA
91%
15 883,305 San Francisco, CA
91%
19 716,492 Denver, CO
90%
37 498,044 Atlanta, GA
89%
11 964,254 Austin, TX
89%
22 682,669 El Paso, TX
89%
17 867,125 Indianapolis, IN
89%
12 903,889 Jacksonville, FL
89%
171 152,958 Kansas City, KS
89%
38 491,918 Kansas City, MO
89%
46 425,403 Minneapolis, MN
89%
24 669,053 Nashville, TN
89%
50 391,006 New Orleans, LA
89%
27 649,021 Oklahoma City, OK
89%
6 1,584,138 Philadelphia, PA
89%
114 200,591 Salt Lake City, UT
89%
97 228,790 Boise, ID
88%
56 347,397 Honolulu, HI
88%
1 8,398,748 New York City, NY
88%
71 285,713 Orlando, FL
88%
7 1,532,233 San Antonio, TX
88%
49 392,890 Tampa, FL
88%
20 702,455 Washington D.C.
88%
83 256,304 Buffalo, NY
87%
126 194,160 Columbus, GA
87%
14 892,533 Columbus, OH
87%
26 650,618 Memphis, TN
87%
66 301,048 Pittsburgh, PA
87%
68 291,538 Anchorage, AK
86%
52 383,793 Cleveland, OH
86%
36 508,529 Sacramento, CA
86%
10 1,030,119 San Jose, CA
86%
64 302,838 St. Louis, MO
86%
30 602,495 Baltimore, MD
85%
31 592,025 Milwaukee, WI
85%
32 560,218 Albuquerque, NM
84%
99 221,599 Baton Rouge, LA
84%
16 872,498 Charlotte, NC
84%
13 895,008 Fort Worth, TX
84%
86 250,998 Reno, NV
84%
39 472,688 Colorado Springs, CO
83%
29 620,118 Louisville, KY
83%
42 468,262 Omaha, NE
83%
63 307,695 Saint Paul, MN
83%
101 216,853 Des Moines, IA
82%
41 469,298 Raleigh, NC
82%
33 545,975 Tucson, AZ
82%
47 400,669 Tulsa, OK
82%
34 530,093 Fresno, CA
81%
121 197,881 Little Rock, AR
81%
98 228,783 Richmond, VA
81%
107 209,880 Birmingham, AL
80%
65 302,605 Cincinnati, OH
80%
70 287,401 Lincoln, NE
80%
148 173,442 Salem, OR
80%
81 258,054 Madison, WI
79%
143 179,335 Providence, RI
79%
44 450,189 Virginia Beach, VA
79%
45 429,082 Oakland, CA
78%
166 155,032 Springfield, MA
78%
156 168,122 Springfield, MO
78%
127 193,551 Tallahassee, FL
78%
73 282,090 Newark, NJ
77%
51 389,255 Wichita, KS
77%
100 219,190 Spokane, WA
76%
119 198,218 Montgomery, AL
75%
59 326,554 Corpus Christi, TX
74%
43 467,354 Long Beach, CA
74%
35 508,958 Mesa, AZ
74%
74 274,975 Toledo, OH
74%
78 265,549 Jersey City, NJ
73%
131 189,572 Mobile, AL
73%
111 206,284 Rochester, NY
73%
53 383,579 Bakersfield, CA
72%
60 323,780 Lexington, KY
72%
140 181,883 Sioux Falls, SD
72%
48 398,112 Arlington, TX
71%
54 374,114 Aurora, CO
71%
118 199,602 Aurora, IL
71%
55 352,005 Anaheim, CA
70%
90 245,949 North Las Vegas, NV
70%
179 145,862 Savannah, GA
70%
79 265,098 St. Petersburg, FL
70%
115 200,217 Grand Rapids, MI
69%
77 267,633 Fort Wayne, IN
68%
67 294,722 Greensboro, NC
68%
135 187,500 Knoxville, TN
68%
185 142,749 Syracuse, NY
68%
58 330,063 Riverside, CA
67%
102 216,279 Tacoma, WA
67%
153 171,245 Eugene, OR
66%
84 255,885 Lubbock, TX
66%
116 199,924 Amarillo, TX
65%
190 140,640 Dayton, OH
65%
91 244,076 Norfolk, VA
65%
120 198,006 Akron, OH
64%
62 310,390 Henderson, NV
64%
57 332,725 Santa Ana, CA
64%
75 274,291 Durham, NC
63%
139 182,595 Fort Lauderdale, FL
62%
123 196,939 Augusta, GA
61%
85 255,310 Scottsdale, AZ
61%
61 311,178 Stockton, CA
61%
87 250,702 Glendale, AZ
60%
112 201,361 Glendale, CA
60%
72 282,572 Irvine, CA
60%
80 261,639 Laredo, TX
60%
138 183,012 Vancouver, WA
60%
122 197,318 Huntsville, AL
59%
133 188,987 Shreveport, LA
59%
142 180,557 Chattanooga, TN
58%
103 215,941 San Bernardino, CA
58%
76 271,651 Chula Vista, CA
57%
117 199,663 Yonkers, NY
57%
69 288,061 Plano, TX
56%
197 138,183 Waco, TX
56%
182 144,900 Bridgeport, CT
55%
82 257,165 Chandler, AZ
55%
137 183,392 Brownsville, TX
54%
187 141,371 Pasadena, CA
54%
168 153,219 Pasadena, TX
54%
89 246,328 Winston–Salem, NC
54%
136 185,877 Worcester, MA
54%
92 242,634 Chesapeake, VA
52%
94 242,242 Irving, TX
52%
157 167,830 Fort Collins, CO
51%
183 143,433 McAllen, TX
51%
88 248,279 Gilbert, AZ
50%
106 210,089 Santa Clarita, CA
50%
159 160,530 Alexandria, VA
49%
170 153,095 Macon, GA
49%
96 237,807 Fremont, CA
48%
95 238,942 Hialeah, FL
48%
167 154,823 Hollywood, FL
47%
104 215,030 Modesto, CA
47%
144 178,626 Newport News, VA
47%
93 242,507 Garland, TX
46%
129 192,364 Tempe, AZ
46%
132 189,343 Cape Coral, FL
45%
109 209,468 Fayetteville, NC
45%
178 146,526 Rockford, IL
45%
186 142,344 Midland, TX
43%
108 209,877 Oxnard, CA
43%
177 147,599 Bellevue, WA
42%
128 192,536 Overland Park, KS
42%
124 195,248 Port St. Lucie, FL
42%
146 177,586 Santa Rosa, CA
42%
113 200,641 Huntington Beach, CA
41%
176 148,099 Joliet, IL
41%
175 148,304 Naperville, IL
41%
152 172,259 Peoria, AZ
41%
193 139,484 Orange, CA
40%
134 188,170 Frisco, TX
39%
141 181,107 Ontario, CA
39%
163 156,794 Clarksville, TN
37%
147 176,080 Oceanside, CA
37%
200 136,401 West Valley City, UT
35%
155 168,160 Cary, NC
34%
161 159,053 Lancaster, CA
34%
180 145,627 Paterson, NJ
34%
162 156,798 Lakewood, CO
33%
130 191,645 McKinney, TX
33%
188 141,344 Murfreesboro, TN
33%
196 138,541 Denton, TX
32%
105 213,739 Fontana, CA
32%
192 139,605 Olathe, KS
32%
165 156,259 Salinas, CA
32%
110 209,050 Moreno Valley, CA
31%
149 172,886 Elk Grove, CA
30%
174 149,103 Killeen, TX
30%
164 156,667 Palmdale, CA
30%
198 138,161 Surprise, AZ
30%
154 168,819 Corona, CA
29%
145 177,751 Rancho Cucamonga, CA
29%
125 194,614 Grand Prairie, TX
28%
181 145,182 Torrance, CA
28%
173 152,213 Escondido, CA
27%
184 142,816 Mesquite, TX
27%
172 152,361 Pomona, CA
27%
150 172,646 Garden Grove, CA
26%
160 159,620 Hayward, CA
26%
151 172,374 Pembroke Pines, FL
26%
194 139,436 Thornton, CO
26%
195 139,117 Roseville, CA
25%
169 153,185 Sunnyvale, CA
25%
191 139,640 Fullerton, CA
24%
189 140,823 Miramar, FL
24%
199 136,879 Carrollton, TX
20%
No matching quizzes found
Score Distribution
Percent of People with Each Score
Percentile by Number Answered
Your Score History
You have not taken this quiz